000 004710000a22001810004500
003 MACL
005 20150919162258.0
008 150919b xxu||||| |||| 00| 0 eng d
040 _aMACL
_cMACL
041 _aEnglish
082 _a826
100 _aParthasarathi, G
_911992
245 _aJawaharlal Nehru
_bLetters To Chief Ministers 1947-1964
260 _bOxford University Press
_c1985
_aNew Delhi
350 _a150
650 _aLetters
_912153
942 _cBK
_k826
_2ddc
999 _c5912
_d5912